| 000 | 00592nam a22001577a 4500 | ||
|---|---|---|---|
| 999 |
_c534704 _d534704 |
||
| 020 | _qHard Cover. | ||
| 082 | _a621.3678 | ||
| 100 | _aKanwal, Shamsa | ||
| 245 |
_aDevelopment of site suitability criteria for application of filter technology in Pakistan using Rs & GIS : _bA case study of Faisalabad City / _cShamsa Kanwal. |
||
| 260 |
_aIslamabad : _bIGIS - NUST, _c2015. |
||
| 300 |
_aix, 92 p. ill. : _c30cm. |
||
| 942 |
_2ddc _cTHE |
||
| 650 |
_aGIS and Remote Sensing - MS Thesis. _916194 |
||
| 700 |
_aDr. Ejaz Hussain. _919330 |
||